000 00275nam a2200121Ia 4500
008 190216s9999||||xx |||||||||||||| ||und||
100 _aTerrence Jacob
245 4 _aThe Red Pony
260 _bUniversity Of Calicut
_c1994
300 _a136p
650 _aNovel
942 _cBK
999 _c13813
_d13813